000 00285nam a22001337a 4500
008 171004b xxu||||| |||| 00| 0 eng d
020 _a2900205547882
041 _aeng
080 _a159.9
100 _a48
101 _aPSI
245 _aPSYCHOLOGY
_cZIMBARDO,P.G
942 _2udc
_cBK
999 _c31724
_d31724